000 00542nam a22001937a 4500
003 KOHA_MİRAKIL
005 20251125092418.0
008 251125b tu ||||| |||| 00| 0 tur d
020 _a9789750850400
040 _aTR-AnABB
_btur
_cTR-AnABB
041 _atur
082 _a823.914
_bAMB 2021
100 1 _aAmbler, Eric,
245 1 0 _aGün ışığı /
_cEric Ambler
260 _aİstanbul :
_bYapı Kredi Kültür Yayınları,
_c2021
300 _a253 sayfa ;
_c21 cm
650 0 4 _aİngiliz edebiyatı, roman
942 _2ddc
_cBK
999 _c9606
_d9606
900 _bGizem YORULMAZ